| 000 | 00408nam a2200145Ia 4500 | ||
|---|---|---|---|
| 008 | 220217s9999||||xx |||||||||||||| ||und|| | ||
| 020 | _a9780070702462 | ||
| 082 | _a629.04 BAN | ||
| 100 | _aBanks, James H | ||
| 245 | 0 | _aIntroduction to transportation enineering | |
| 250 | _a2 | ||
| 260 |
_aMcgraw hill book company _bNew Delhi _c2012 |
||
| 300 |
_aIX, 502p. _b975 |
||
| 650 | _aTRANSFORT ENGINEERING | ||
| 999 |
_c187206 _d187206 |
||